El voto femenino y yo : (Record no. 175920)

MARC details
000 -LEADER
campo de control de longitud fija 00894nam a2200253 i 4500
001 - NÚMERO DE CONTROL
campo de control 175920
003 - IDENTIFICADOR DE NÚMERO DE CONTROL
campo de control ES-MaACL
005 - FECHA Y HORA DE LA ÚLTIMA TRANSACCIÓN
campo de control 20250807215253.0
007 - CAMPO FIJO DE DESCRIPCIÓN FÍSICA--INFORMACIÓN GENERAL
campo de control de longitud fija t|
008 - DATOS DE LONGITUD FIJA--INFORMACIÓN GENERAL
campo de control de longitud fija 101201s2010 sp a ||||1| spa d
080 ## - NÚMERO DE LA CLASIFICACIÓN DECIMAL UNIVERSAL
Número de la Clasificación Decimal Universal 929 Campoamor, Clara
080 ## - NÚMERO DE LA CLASIFICACIÓN DECIMAL UNIVERSAL
Número de la Clasificación Decimal Universal 342.821-055.2(460)"1931/1939"
100 1# - ENTRADA PRINCIPAL--NOMBRE DE PERSONA
Nombre de persona Campoamor, Clara,
Fechas asociadas al nombre 1888-1972
9 (RLIN) 34230
245 13 - MENCIÓN DEL TÍTULO
Título El voto femenino y yo :
Resto del título mi pecado mortal /
Mención de responsabilidad, etc. Clara Campoamor ; [prólogo, Blanca Estrella Ruiz Ungo].
260 ## - PUBLICACIÓN, DISTRIBUCIÓN, ETC.
Lugar de publicación, distribución, etc. [Madrid] :
Nombre del editor, distribuidor, etc. Diario Público,
Fecha de publicación, distribución, etc. [2010]
300 ## - DESCRIPCIÓN FÍSICA
Extensión 269 p. :
Otras características físicas 1 retr. autora ;
Dimensiones 18 cm.
490 1# - MENCIÓN DE SERIE
Mención de serie Biblioteca pensamiento crítico
600 14 - PUNTO DE ACCESO ADICIONAL DE MATERIA--NOMBRE DE PERSONA
Nombre de persona Campoamor, Clara,
Fechas asociadas al nombre 1888-1972
9 (RLIN) 34230
650 #7 - PUNTO DE ACCESO ADICIONAL DE MATERIA--TÉRMINO DE MATERIA
Término de materia o nombre geográfico como elemento de entrada Mujeres-
Subdivisión general Voto-
Subdivisión geográfica España
Fuente del encabezamiento o término
9 (RLIN) 171401
700 1# - ENTRADA AGREGADA--NOMBRE PERSONAL
Nombre de persona Ruiz Ungo, Blanca Estrella.
9 (RLIN) 144132
830 1# - PUNTO DE ACCESO ADICIONAL DE SERIE-TÍTULO UNIFORME
Título uniforme Biblioteca pensamiento crítico
9 (RLIN) 189844
852 4# - LOCALIZACIÓN
Ubicación ES-MaACL
Número de control de estantería E-13733
Holdings
Estatus retirado Estado de pérdida Estado de daño No para préstamo Biblioteca de origen Biblioteca actual Ubicación en estantería Fecha de adquisición Fuente de adquisición Total de préstamos Signatura topográfica completa Código de barras Visto por última vez Precio de reemplazo Tipo de ítem Koha
        Biblioteca del Ateneo de Madrid Biblioteca del Ateneo de Madrid Depósito 2 01/12/2010     E-13733 1184737 23/02/2023 23/02/2023 Libro impreso